Statistiques concernant Les films qui ont fait le plus grand nombre d'entrées en France

Cliquez ici pour prendre le quiz!

Statistiques générales

  • Ce quiz a été pris 113 fois
  • Le résultat moyen est 11 sur 100

Statistiques - réponses

RangRéalisateurNombre d'entréesAnnéeRéponse% Correct
1James Cameron21 774 1811997Titanic
92%
2Dany Boon20 489 3032008Bienvenue chez les Ch'tis
84%
8James Cameron14 775 9902009Avatar
75%
3E. Toledano / O. Nakache19 490 6882011Intouchables
58%
5Gérard Oury17 317 7451966La Grande Vadrouille
49%
11Alain Chabat14 559 5092002Astérix et Obélix : Mission Cléopâtre
36%
41Luc Besson9 194 3431988Le Grand Bleu
28%
14Jean-Marie Poiré13 782 9911993Les Visiteurs
28%
7Sergio Leone14 862 7641968Il était une fois dans l'Ouest
26%
22Gérard Oury11 739 7831965Le Corniaud
23%
40Francis Veber9 247 0011998Le Dîner de cons
23%
99Anthony et Joe Russo6 942 4742019Avengers : Endgame
22%
6Victor Fleming16 719 2361950Autant en emporte le vent
21%
20Philippe de Chauveron12 366 0332014Qu'est-ce qu'on a fait au Bon Dieu ?
18%
53Charlie Chaplin8 269 8941945Le Dictateur
17%
50Jean-Pierre Jeunet8 636 0412001Le Fabuleux Destin d'Amélie Poulain
17%
36Chris Columbus9 608 3312001Harry Potter à l'école des sorciers
16%
97Peter Jackson6 951 4412001Le Seigneur des anneaux : La Communauté de l'anneau
16%
12Cecil B. DeMille14 229 7451956Les Dix Commandements
14%
75Peter Jackson7 393 9042003Le Seigneur des anneaux : Le Retour du roi
14%
90Peter Jackson7 070 1942002Le Seigneur des anneaux : Les Deux Tours
14%
43Jean-Jacques Annaud9 136 2661988L'Ours
14%
28Gérard Krawczyk10 345 9012000Taxi 2
14%
13William Wyler13 826 1241960Ben-Hur
13%
68Luc Besson7 727 6971997Le Cinquième Élément
13%
16Wilfred Jackson13 226 7721950Cendrillon
12%
39Steven Spielberg9 415 8861982E.T. l'extra-terrestre
12%
51Christophe Barratier8 636 0162004Les Choristes
12%
100D.Bourdon / B.Campan6 897 0981995Les Trois Frères
12%
42Chris Columbus9 144 7012002Harry Potter et la Chambre des secrets
11%
67Mike Newell7 731 6012005Harry Potter et la Coupe de feu
11%
85Alfonso Cuarón7 138 5482004Harry Potter et le Prisonnier d'Azkaban
11%
24Roger Allers10 718 7271994Le Roi lion
11%
31Jon Favreau10 017 9952019Le Roi lion
11%
69Stanley Kubrick7 602 3961971Orange mécanique
11%
4David Hand18 290 8431938Blanche-Neige et les Sept Nains
10%
63Jean Girault7 809 3341964Le Gendarme de Saint-Tropez
10%
79Kevin Costner7 280 1241991Danse avec les loups
9%
88Francis Veber7 079 6741981La Chèvre
9%
15David Lean13 481 7501957Le Pont de la rivière Kwaï
9%
65M. Night Shyamalan7 799 1302000Sixième Sens
9%
94Sam Mendes7 003 9022012Skyfall
9%
48Robert Wise8 719 6101962West Side Story
9%
78R.Clements / J.Musker7 280 4231993Aladdin
8%
45Just Jaeckin8 893 9961974Emmanuelle
8%
77Gérard Oury7 295 7271973Les Aventures de Rabbi Jacob
8%
27Patrice Leconte10 355 9302006Les Bronzés 3 : Amis pour la vie
8%
29Coline Serreau10 251 4651985Trois hommes et un couffin
8%
25David Hand10 679 1061942Bambi
7%
23Hamilton Luske11 175 7161955La Belle et le Clochard
7%
9Wolfgang Reitherman14 695 7411967Le Livre de la jungle
7%
10Wolfgang Reitherman14 660 5941961Les 101 Dalmatiens
7%
54Dany Boon8 150 8252011Rien à déclarer
7%
58Hervé Palud7 870 8021994Un Indien dans la ville
7%
82Claude Berri7 223 6571986Jean de Florette
6%
33Yves Robert9 936 3911962La Guerre des boutons
6%
21Ken Annakin11 933 6291962Le Jour le plus long
6%
76Jon Watts7 319 6512021Spider-Man: No Way Home
6%
93Jacques Tati7 027 4871949Jour de Fête
5%
47John Sturges8 756 6311963La Grande Évasion
5%
18Jean Renoir12 500 0001937La Grande Illusion
5%
34David Lean9 816 0541966Le Docteur Jivago
5%
19Wolfgang Reitherman12 481 7261971Les Aristochats
5%
32Jean-Paul Le Chanois9 940 5331957Les Misérables
5%
70Wolfgang Reitherman7 472 6371973Robin des Bois
5%
59Kevin Lima7 859 7511999Tarzan
5%
72Éric Lartigau7 450 9442014La Famille Bélier
4%
74Jennifer Lee / Chris Buck7 401 3002019La Reine des Neiges 2
4%
37Andrew Stanton9 528 0332003Le Monde de Nemo
4%
80C.Geronimi / W.Jackson / H.Luske7 255 4751953Peter Pan
4%
61H. Luske / B. Sharpsteen7 835 7021940Pinocchio
4%
81George Lucas7 247 8092005Star Wars, épisode III : La Revanche des Sith
4%
57George Lucas7 924 8571999Star Wars, épisode I : La Menace fantôme
4%
46Henri Verneuil8 844 1991959La Vache et le Prisonnier
3%
17Julien Duvivier12 791 1681952Le Petit Monde de don Camillo
3%
98Henri-Georges Clouzot6 944 3061953Le Salaire de la peur
3%
92John Sturges7 037 8261961Les Sept Mercenaires
3%
38Cecil B. DeMille9 488 1141952Sous le plus grand chapiteau du monde
3%
44Claude Zidi8 948 6241999Astérix et Obélix contre César
2%
87Victor Fleming7 092 5861949Jeanne d'Arc
2%
62Thomas Gilou7 826 3932001La Vérité si je mens ! 2
2%
73Julien Duvivier7 425 5501953Le Retour de don Camillo
2%
83Wolfgang Reitherman7 219 4761977Les Aventures de Bernard et Bianca
2%
30J. Lee Thompson10 197 7291961Les Canons de Navarone
2%
56Jean-Marie Poiré8 043 1291998Les Couloirs du temps : Les Visiteurs 2
2%
91Maurice Cloche7 055 2901947Monsieur Vincent
2%
60Brad Bird7 845 2102007Ratatouille
2%
96Sacha Guitry6 986 7881954Si Versailles m'était conté...
2%
26J. J. Abrams10 507 5612015Star Wars, épisode VII : Le Réveil de la Force
2%
35Richard Fleischer9 619 2591954Vingt Mille Lieues sous les mers
2%
55Richard Pottier8 125 7661952Violettes impériales
2%
64Carlos Saldanha7 803 7572009L'Âge de glace 3 : le Temps des dinosaures
1%
49Alexander Esway8 649 6911947Le Bataillon du ciel
1%
66Robert Vernay7 780 6421954Le Comte de Monte-Cristo
1%
71Claude Zidi7 460 9111971Les Bidasses en folie
1%
95Jean Girault6 986 9171967Les Grandes Vacances
1%
52Sam Wood8 274 5961947Pour qui sonne le glas
1%
86Cecil B. DeMille7 116 4421949Samson et Dalila
1%
84Andrew Adamson7 185 6262004Shrek 2
1%
89Rian Johnson7 076 5492017Star Wars, épisode VIII : Les Derniers Jedi
1%

Distribution des résultats

Percentile par nombre de réponses

% des personnes avec chaque résultat

Votre développement - résultats

Vous n’avez pas pris ce quiz